Facebook Literature Quiz Stats

 Plays Quiz Updated Jan 3, 2017

Challenge
Share
Tweet
Embed
Score 0/17 Timer 06:00
0 Plays Today
Hint Title % Correct
Frodo Baggins likes '‎Hey Gandalf can I just squeeze past?' 'Yeah sure. LOL, jk, YOU SHALL NOT PASS!'The Fellowship of the Ring
92.7%
Elizabeth Bennet is now engaged to Fitzwilliam Darcy.Pride and Prejudice
78.2%
Odysseus likes We give up guys, here's a giant horse as a trophy. LOL, jk, We're hiding inside.The Aeneid
75.3%
Ishmael is now friends with Queequeg.Moby-Dick; or, The Whale
73.3%
Lennie Small likes Rabbits and Livin' off the fatta the lan'.Of Mice and Men
58%
Humbert Humbert likes The awkwardness when your wife realizes you're in love with her 12 year-old daughter.Lolita
52.8%
Banquo is attending The Feast.Macbeth
49.1%
Count Vronsky went from being 'in a relationship' to 'single'.Anna Karenina
26.1%
Ian Malcolm added Chaos Theory and Not Being Eaten to his interests.Jurassic Park
22.8%
Hint Title % Correct
Alex added Nadsat to his languages.A Clockwork Orange
22%
Adela Quested updated her current location to Chandrapore, British India.A Passage to India
18.5%
Colonel Aureliano Buendía added Macondo as his hometown.One Hundred Years of Solitude
17.6%
Two friends wrote on Josef K.'s wall for his birthday.The Trial
13.1%
Saleem Sinai was tagged in The Times of India's album.Midnight's Children
8.2%
Ganymede changed his profile picture.As You Like It
4.3%
Carmen Sternwood was tagged in Arthur Gwynn Geiger's album.The Big Sleep
3.1%
You like Reading books about reading books.If on a winter's night a traveller
2.1%

You're not logged in!

Compare scores with friends on all Sporcle quizzes.
Join for Free
OR
Log In

You Might Also Like...

Show Comments

Extras

Top Quizzes Today


Score Distribution

Your Account Isn't Verified!

In order to create a playlist on Sporcle, you need to verify the email address you used during registration. Go to your Sporcle Settings to finish the process.

Report this User

Report this user for behavior that violates our Community Guidelines.

Details: